Strategický biznis partner ako rola personálneho útvaru v ére priemyslu 4.0 – výsledky skúmania na Slovensku
Vývoj modelov systému riadenia ľudských zdrojov. Skúmanie roly personálnych útvarov na Slovensku. Výroky testovania dimenzií zmiešaných rol podľa Ulricha. Model rol personálneho útvaru.
Guardado en:
| Autor principal: | |
|---|---|
| Otros Autores: | |
| Formato: | Capítulo de libro |
| Lenguaje: | eslovaco |
| Materias: | |
| Etiquetas: |
Sin Etiquetas, Sea el primero en etiquetar este registro!
|
MARC
| LEADER | 00000naa$a2200000$$$4500 | ||
|---|---|---|---|
| 001 | 0260751 | ||
| 005 | 20240502074131.4 | ||
| 041 | 0 | |a slo | |
| 044 | |a SK | ||
| 245 | 1 | 0 | |a Strategický biznis partner ako rola personálneho útvaru v ére priemyslu 4.0 – výsledky skúmania na Slovensku |c Jana Blštáková, Zuzana Joniaková |
| 520 | |a Vývoj modelov systému riadenia ľudských zdrojov. Skúmanie roly personálnych útvarov na Slovensku. Výroky testovania dimenzií zmiešaných rol podľa Ulricha. Model rol personálneho útvaru. | ||
| 610 | 2 | 0 | |a zdroje ľudské |
| 610 | 2 | 0 | |a riadenie ľudských zdrojov |
| 610 | 2 | 0 | |a modely |
| 610 | 2 | 0 | |a riadenie operatívne |
| 610 | 2 | 0 | |a riadenie strategické |
| 610 | 2 | 0 | |a partnerstvo strategické |
| 610 | 2 | 0 | |a prieskum |
| 100 | 1 | |a Blštáková, Jana, 1980- | |
| 700 | 1 | |a Joniaková, Zuzana, 1970- | |